| 000 | 00517nam a2200217Ia 4500 | ||
|---|---|---|---|
| 001 | 3923 | ||
| 003 | OSt | ||
| 005 | 20250715105327.0 | ||
| 008 | 211022s9999 xx 000 0 und d | ||
| 040 | _cIVS | ||
| 082 |
_a492.7391439 KHA _222 _b3923 |
||
| 100 | _aKhalil Ashraf Usmani ( Comp ) | ||
| 245 | 0 | _aAl Munjid | |
| 260 | _aKarachi | ||
| 260 | _bDaruloom Karachi | ||
| 260 | _c1994 | ||
| 300 | _avp | ||
| 650 |
_aArabic t0 Urdu _vDictionary |
||
| 650 | _a Arabic language Dictionaries | ||
| 942 |
_cREF _2ddc _n0 |
||
| 999 |
_c5486 _d5486 |
||